00349nam a2200109Ia 4500008004100000082002000041100002600061245003200087260003900119630001800158650006300176211109s9999||||xx |||||||||||||| ||und|| a894.8121bNAR-C aNarayana Pillai P K,  0aChile Kavitha Prthidwanikal bNATIONAL BOOKSTALLaKottayamc1900 xGeneral Stack amalayalam literaturevmalayalam poemspoempoetryxGeneralia